Vogel's textbook of quantitative chemical analysis / (Record no. 20880)

MARC details
000 -LEADER
fixed length control field 01329cam a2200361 i 4500
001 - CONTROL NUMBER
control field 4724531
003 - CONTROL NUMBER IDENTIFIER
control field EG-ScBUE
005 - DATE AND TIME OF LATEST TRANSACTION
control field 20250728094321.0
008 - FIXED-LENGTH DATA ELEMENTS--GENERAL INFORMATION
fixed length control field 010402t2000 enka f b 001 0 eng d
020 ## - INTERNATIONAL STANDARD BOOK NUMBER
International Standard Book Number 0582226287
020 ## - INTERNATIONAL STANDARD BOOK NUMBER
International Standard Book Number 9780582226289
040 ## - CATALOGING SOURCE
Original cataloging agency UKM
Language of cataloging eng
Description conventions rda
Transcribing agency UKM
Modifying agency SZR
-- CtY
-- EG-ScBUE
082 04 - DEWEY DECIMAL CLASSIFICATION NUMBER
Classification number 543.1
Item number VOG
Edition number 22
100 1# - MAIN ENTRY--PERSONAL NAME
Personal name Vogel, Arthur I.
Fuller form of name (Arthur Israel)
Relator term author.
9 (RLIN) 38458
245 10 - TITLE STATEMENT
Title Vogel's textbook of quantitative chemical analysis /
Statement of responsibility, etc revised by J. Mendham [and three others]
246 30 - VARYING FORM OF TITLE
Title proper/short title Textbook of quantitative chemical analysis
250 ## - EDITION STATEMENT
Edition statement Sixth edition.
264 #1 - PUBLICATION, DISTRIBUTION, ETC. (IMPRINT)
Place of publication, distribution, etc Harlow :
Name of publisher, distributor, etc Prentice Hall / Pearson Education,
Date of publication, distribution, etc 2000.
300 ## - PHYSICAL DESCRIPTION
Extent xxvii, 806 pages :
Other physical details illustrations ;
Dimensions 25 cm
336 ## - CONTENT TYPE
Source rdacontent
Content type term text
Content type code txt
337 ## - MEDIA TYPE
Media type term unmediated
Source rdamedia
Media type code n
338 ## - CARRIER TYPE
Carrier type term volume
Carrier type code nc
Source rdacarrier
500 ## - GENERAL NOTE
General note Previous ed.: Harlow : Longman Scientific & Technical, 1989.
504 ## - BIBLIOGRAPHY, ETC. NOTE
Bibliography, etc Includes bibliographical references and index.<br/>
650 #7 - SUBJECT ADDED ENTRY--TOPICAL TERM
Topical term or geographic name as entry element Chemistry, Analytic
General subdivision Quantitative.
Source of heading or term BUEsh
9 (RLIN) 6411
651 ## - SUBJECT ADDED ENTRY--GEOGRAPHIC NAME
Source of heading or term BUEsh
653 ## - INDEX TERM--UNCONTROLLED
Resource For college Pharmacy
Arrived date list October2015
653 ## - INDEX TERM--UNCONTROLLED
Resource For college Pharmacy
Arrived date list February2019
655 ## - INDEX TERM--GENRE/FORM
Form subdivision Reading book
700 1# - ADDED ENTRY--PERSONAL NAME
Personal name Mendham, John,
Relator term reviewer.
700 1# - ADDED ENTRY--PERSONAL NAME
Personal name Vogel, Arthur I.
Fuller form of name (Arthur Israel)
Title of a work Textbook of quantitative inorganic analysis.
9 (RLIN) 6410
942 ## - ADDED ENTRY ELEMENTS (KOHA)
Source of classification or shelving scheme Dewey Decimal Classification
Koha item type Book - Borrowing
Holdings
Withdrawn status Lost status Source of classification or shelving scheme Damaged status Not for loan Collection code Home library Current library Shelving location Date acquired Source of acquisition Total Checkouts Total Renewals Full call number Barcode Date last seen Date checked out Koha item type
    Dewey Decimal Classification     Baccah Central Library Central Library First floor 01/10/2015 Purchase 1 16 543.1 VOG 000031003 15/07/2025 24/11/2015 Book - Borrowing
    Dewey Decimal Classification     Baccah Central Library Central Library First floor 01/10/2015 Purchase     543.1 VOG 000031004 15/07/2025   Book - Borrowing
    Dewey Decimal Classification     Baccah Central Library Central Library First floor 01/10/2015 Purchase 1 10 543.1 VOG 000031005 15/07/2025 22/11/2015 Book - Borrowing
    Dewey Decimal Classification       Central Library Central Library First floor 10/02/2019 Donation     543.1 VOG 000034288 15/07/2025   Book - Borrowing